|
|
|
|
| LEADER |
00000nab a2200000 a 4500 |
| 001 |
vtls000593285 |
| 003 |
SK-MaSNL |
| 005 |
20260304101309.0 |
| 008 |
250426c1996 xo 0 slo |
| 015 |
|
|
|a SNBRB19rr/mm-uuuuu
|
| 035 |
|
|
|a CL0593424
|
| 035 |
|
|
|a urn:nbn:sk:snk-abbq2m
|
| 035 |
|
|
|a (urnnbn)urn:nbn:sk:snk:ar-0047od
|
| 035 |
|
|
|a (uuid)67b1c20d-4d9d-41d0-b347-7164dca5abae
|
| 040 |
|
|
|a SNKBUCL
|b slo
|c SNKBUCL
|e AACR2
|
| 041 |
0 |
|
|a slo
|
| 044 |
|
|
|a xo
|c SK
|
| 080 |
|
|
|a 82:929:895.1
|2 1981
|
| 080 |
|
|
|a 895.1
|2 1981
|
| 080 |
|
|
|a 929 Cchaj Wen-ťi
|2 1981
|
| 100 |
1 |
|
|a Čarnogurská, Marína,
|d 1940-
|4 aut
|9 153394
|
| 245 |
1 |
0 |
|a Na prelome 2. a 3. storočia... [inc.]
|c Marina Čarnogurská
|
| 600 |
2 |
7 |
|a Cchaj Wen-ťi
|d 162-239
|x profily
|2 snkbucl
|9 1396498
|
| 655 |
|
7 |
|a články z novín a časopisov
|2 snkbucl
|9 267496
|
| 655 |
|
7 |
|a články z odboru literárna veda a krásna literatúra
|2 snkbucl
|9 770045
|
| 773 |
0 |
|
|t Revue svetovej literatúry
|g Roč. 32, č. 2 (1996), s. 124-126
|x 0231-6269
|
| 850 |
|
|
|a Slovenská národná knižnica
|
| 852 |
|
|
|a Slovenská národná knižnica
|
| 958 |
|
|
|a article15
|
| 958 |
|
|
|a RK
|
| 958 |
|
|
|a BC
|
| 958 |
|
|
|a LX
|
| 958 |
|
|
|a CN
|
| 958 |
|
|
|a OND
|
| 958 |
|
|
|a EUIPO
|
| 999 |
|
|
|c 2841321
|d 2843251
|